000 01862nas a2200361 i 4500
001 183789
003 ES-MaACL
005 20250217134913.0
008 141015d18781914sp ar | ||pa d
022 _a1135-9064
080 _a378.4(460.27 M.)(060.55)
110 2 _aUniversidad Central (Madrid)
_97084
245 1 0 _aMemoria-anuario /
_cUniversidad Central.
246 3 _aMemoria del curso de _ y Anuario del de _ :
_bde su distrito universitario
260 _aMadrid :
_b[Universidad Central],
_c[1878-1914] (
_fTip. de Gregorio Estrada) (
_fImp. Colonial)
300 _av. ;
_c29 y 32 cm.
310 _aAnual
515 _aLa memoria corresponde al curso anterior al anuario.
580 _aEscindida en: Universidad Central (Madrid). Memoria-estadística ; y en: Universidad Central (Madrid). Anuario.
594 _aLigeras variaciones en tít.: memoria estadística ; memoria.
610 2 4 _aUniversidad Central (Madrid)-
_vMemorias.
_9141782
700 1 _aEstrada, Gregorio.
_9126979
780 0 0 _aUniversidad Central (Madrid).
_tMemoria acerca del estado de la enseñanza en la Universidad Central y en los establecimientos de su distrito en el curso ..., anuario de ...
785 0 0 _aUniversidad Central (Madrid).
_tMemoria-estadística correspondiente al curso
785 0 0 _aUniversidad Central (Madrid).
_tAnuario
852 4 _aES-MaACL
_jT-394-F-6-9
852 4 _aES-MaACL
_jT-773-F-2-3
852 4 _aES-MaACL
_jT-772-F-1-3
852 4 _aES-MaACL
_jT-1020-F-5
_z(Memoria del curso de 1898 a 99 y Anuario del de 1899 a 900 de su distrito universitario)
852 4 _aES-MaACL
_jT-1020-F-6
_z(Memoria del curso de 1900 a 1901 y Anuario del de 1901 a 1902 de su distrito universitario)
866 0 _o1878-79, 1879-80, 1880-81, 1882-83, 1892-93, 1893-94, 1894-95, 1895-96, 1896-97, 1898-99, 1899-1900.
999 _c183789
_d183789